[Event "Oberliga Sued W 1819"]
[Site "Germany"]
[Date "2019.02.24"]
[Round "7.7"]
[White "Buermann, Jan"]
[Black "Courtial, Ralf"]
[Result "1-0"]
[WhiteElo "2099"]
[BlackElo "1771"]
[PlyCount "79"]
[EventDate "2018.10.21"]
[EventType "team-tourn"]
[EventRounds "9"]
[EventCountry "GER"]
[SourceTitle "EXT 2020"]
[Source "ChessBase"]
[SourceDate "2019.10.17"]
[SourceVersion "1"]
[SourceVersionDate "2019.10.17"]
[SourceQuality "1"]
[WhiteTeam "Schwarzenbach Caissa"]
[BlackTeam "Winterbach Turm"]
[WhiteTeamCountry "GER"]
[BlackTeamCountry "GER"]

1. d4 f5 2. g3 c6 3. c4 d5 4. Bg2 e6 5. Qc2 Nf6 6. Nh3 Na6 7. a3 g6 8. Nf4 Bg7 9. Nd2 0-0 10. Nf3 Nc7 11. c5 Qe7 12. Nd3 Ne4 13. Bf4 Ne8 14. Be5 N4f6 15. 0-0 Qd8 16. b4 Bd7 17. e3 Ng4 18. Bxg7 Nxg7 19. h3 Nh6 20. Nde5 Nf7 21. h4 Nh5 22. a4 Nf6 23. Rfb1 Rb8 24. b5 Be8 25. Rb2 Qc8 26. Bf1 Nd7 27. Nd3 Qc7 28. Rab1 e5 29. bxc6 e4 30. cxd7 Bxd7 31. Nf4 exf3 32. Nxd5 Qd8 33. Rxb7 Rxb7 34. Rxb7 Be6 35. Nf4 Bc8 36. Rxa7 g5 37. hxg5 Nxg5 38. Qc4+ Kh8 39. d5 Ne4 40. Qd4+ 1-0

[Event "St Ingbert op"]
[Site "St Ingbert"]
[Date "1988.??.??"]
[Round "5"]
[White "Wolf, Gerald"]
[Black "Courtial, Ralf"]
[Result "1-0"]
[WhiteElo "1768"]
[BlackElo "1672"]
[PlyCount "73"]
[EventDate "1988.08.20"]
[EventType "swiss"]
[EventRounds "9"]
[EventCountry "GER"]
[SourceTitle "EXT 2002"]
[Source "ChessBase"]
[SourceDate "2001.11.25"]
[SourceVersion "1"]
[SourceVersionDate "2001.11.25"]
[SourceQuality "1"]

1. Nf3 Nf6 2. c4 g6 3. g3 d5 4. Bg2 Bg7 5. 0-0 0-0 6. cxd5 Nxd5 7. Nc3 Nxc3 8. bxc3 Nc6 9. d4 e5 10. Be3 e4 11. Ng5 f5 12. Qb3+ Kh8 13. Nf7+ Rxf7 14. Qxf7 Qd6 15. Bf4 Be6 16. Qxg7+ Kxg7 17. Bxd6 cxd6 18. g4 Bc4 19. Rfe1 d5 20. gxf5 gxf5 21. e3 Kf6 22. Bf1 Rg8+ 23. Kh1 Na5 24. Rab1 b6 25. Bxc4 Nxc4 26. Rg1 Rc8 27. Rb5 Ke6 28. Rg7 Nd2 29. Rxa7 f4 30. Rxb6+ Kf5 31. Rf7+ Kg5 32. Rxf4 Rxc3 33. h4+ Kh5 34. Rb5 Nf3 35. Rxd5+ Kh6 36. Rxe4 Rc1+ 37. Kg2 1-0